000 00452nam a22001697a 4500
003 NUST - PNEC
005 20170116181005.0
008 150912b xxu||||| |||| 00| 0 eng d
020 _a0713135921
040 _cLIBRARY
082 _a005.133 HAH
100 _99758
_aHahn, Brian D.
245 _aProblem solving with FORTRAN 77
_cBrian D. Hahn
260 _cc.1987
650 _99761
_aFORTRAN 77 (Computer program language)
_xMIS
942 _2ddc
_cBK
999 _c66854
_d66854